|
|
|
|
| LEADER |
00000nab a2200000 ar4500 |
| 001 |
vtls008427664 |
| 003 |
SK-MaSNL |
| 005 |
20260303070244.0 |
| 008 |
060201c2005 xo mr|p|||a |000 b|slo |
| 015 |
|
|
|a SNBRB2006/02
|
| 038 |
|
|
|a SPK
|
| 040 |
|
|
|a SPKCL
|b slo
|c AACR2
|e AACR2
|
| 041 |
0 |
|
|a slo
|
| 044 |
|
|
|a xo
|c SK
|
| 080 |
|
|
|a 371.671
|2 UDC-MRF-SK2
|
| 080 |
|
|
|a 373.3
|2 UDC-MRF-SK2
|
| 100 |
1 |
|
|a Dršková, Viera
|4 ivr
|4 aut
|9 312382
|
| 245 |
1 |
0 |
|a O učebniciach pre základné školy
|c Viera Dršková, Sylvia Madarásová
|
| 300 |
|
|
|b Fotogr.
|
| 650 |
0 |
7 |
|a učebnica
|2 spk
|9 599298
|
| 650 |
0 |
7 |
|a tvorba učebných pomôcok
|2 spk
|9 625301
|
| 650 |
0 |
7 |
|a alternatíva
|2 spk
|9 1067449
|
| 650 |
0 |
7 |
|a Základná škola
|2 spk
|9 771302
|
| 650 |
0 |
7 |
|a stupeň prvý
|2 spk
|9 1036483
|
| 650 |
0 |
7 |
|a stupeň druhý
|2 spk
|9 1035921
|
| 655 |
|
7 |
|a rozhovory
|2 snkbucl
|9 31831
|
| 700 |
1 |
|
|a Madarásová, Sylvia
|4 ive
|4 aut
|9 1033674
|
| 773 |
0 |
|
|t Pán učiteľ : časopis pre učiteľov, rodičov a žiakov
|g Roč. 1, č. 4 (2005), s. 19
|x 1336-7161
|
| 852 |
|
|
|a SPK
|b KIS3GCP
|
| 999 |
|
|
|c 1754541
|d 1756471
|